Cell biology / (Record no. 10793)

MARC details
000 -LEADER
fixed length control field 00663nam a22002292 4500
001 - CONTROL NUMBER
control field 0000004669
005 - DATE AND TIME OF LATEST TRANSACTION
control field 20151217154349.0
008 - FIXED-LENGTH DATA ELEMENTS--GENERAL INFORMATION
fixed length control field 070528s xx 000 0 eng d
020 ## - INTERNATIONAL STANDARD BOOK NUMBER
International Standard Book Number 0748744517 :
Terms of availability GBP 59.95
040 ## - CATALOGING SOURCE
Original cataloging agency KABU
Transcribing agency KABU
050 #0 - LIBRARY OF CONGRESS CALL NUMBER
Classification number QH581.2
Item number .S65 1996
100 1# - MAIN ENTRY--PERSONAL NAME
Personal name Smith, C. A.
-- 0000155349
245 10 - TITLE STATEMENT
Title Cell biology /
Statement of responsibility, etc. C. A. Smith and E. J. Wood.
250 ## - EDITION STATEMENT
Edition statement 2nd ed.
260 ## - PUBLICATION, DISTRIBUTION, ETC. (IMPRINT)
Place of publication, distribution, etc. Cheltenham, England :
Name of publisher, distributor, etc. Chapman & Hall,
Date of publication, distribution, etc. 1996.
300 ## - PHYSICAL DESCRIPTION
Extent xviii, 540 p.
650 #0 - SUBJECT ADDED ENTRY--TOPICAL TERM
Topical term or geographic name as entry element Cytology.
-- 0000155345
700 1# - ADDED ENTRY--PERSONAL NAME
Personal name Wood, E. J.
-- 0000155350
908 ## - PUT COMMAND PARAMETER (RLIN)
Put command parameter 070528
950 ## - LOCAL HOLDINGS (RLIN)
-- 1
Holdings
Withdrawn status Lost status Source of classification or shelving scheme Not for loan Home library Current library Date acquired Total Checkouts Total Renewals Full call number Barcode Date last seen Date last checked out Copy number Price effective from Koha item type
    Library of Congress Classification   Kabarak, Main Campus Kabarak, Main Campus 17/12/2015 13 1 QH581.2 .S65 1996 017349 13/10/2022 12/10/2022 c. 1 17/12/2015 General Collection
Designed with assistance from East African Informatics Ltd